000 00607nam a2200205 a 4500
001 BRCA_7097
005 20190321142920.0
008 271211s1907----gw-#######---#000-0#ger-#
041 _ager
044 _agw
050 4 _b.B54 1907
100 1 _aBierbaum, Otto Julius
_d1865-1910
_915491
245 1 0 _aPrinz Kuckuck
_bLeben, Taten, Meinungen und Höllenfahrt eines Wollüstlings, in einem Zeitroman
_cvon Otto Julius Bierbau
260 _aMúnich y Leipzig
_bGeorge Müller
_c[1907]
300 _a2 v.
_c20 cm.
500 _aO108
650 1 4 _aLiteratura Alemana
_96160
902 _aGFM
942 _2lcc
_cB
999 _c6778
_d6778